[Event "POHÁR města Říčany 2022"]
[Site "Městské kulturní středisko U labutě"]
[Date "2022.08.29"]
[Round "4.30"]
[White "Pisar, Tomas"]
[Black "Pressler, Tobias"]
[Result "0-1"]
[WhiteElo "1624"]
[BlackElo "1821"]
[PlyCount "0"]
[EventDate "2022.08.27"]

1. d4 d5 2. Nf3 Nf6 3. g3 g6 4. Bg2 Bg7 5. O-O O-O 6. c4 dxc4 7. Nc3 Nc6 8. d5
Nb4 9. e4 e6 10. a3 Nd3 11. Ne1 exd5 12. exd5 Bf5 13. Nxd3 Bxd3 14. Re1 Qd7
15. Bf4 Rfe8 16. Qd2 Nh5 17. Bf1 Nxf4 18. Qxf4 Bxf1 19. Rxf1 Bxc3 20. bxc3 Qxd5
21. Qxc7 Rac8 22. Qf4 Qd3 23. Rac1 Re4 24. Qg5 Rd8 25. Qa5 a6 26. Qb6 Rd5
27. Rcd1 Qxd1 28. Rxd1 Rxd1+ 29. Kg2 Rd7 30. Qc5 Rde7 31. a4 Kg7 32. f3 Re2+
33. Kh3 R7e5 34. Qxc4 Rh5+ 35. Kg4 Rhxh2 36. Qd4+ f6 37. Qd7+ Kg8 38. Qd5+ Kf8
39. Qd6+ Kf7 40. Qd5+ Re6 41. Qxb7+ Re7 42. Qd5+ Kg7 43. f4 h5+ 44. Kf3 Rhe2
45. Qd4 a5 46. c4 Ra2 47. c5 Rb7 48. Qd1 Ra3+ 49. Ke4 Re7+ 0-1

[Event "POHÁR města Říčany 2022"]
[Site "Městské kulturní středisko U labutě"]
[Date "2022.08.29"]
[Round "4.31"]
[White "Pechanek, Krystof Jan"]
[Black "Strnad, Michael"]
[Result "0-1"]
[WhiteElo "1556"]
[BlackElo "1818"]
[PlyCount "0"]
[EventDate "2022.08.27"]

1. d4 Nf6 2. Bf4 g6 3. e3 Bg7 4. c3 c5 5. Nf3 d5 6. Nbd2 Nc6 7. Bb5 O-O 8. O-O
Bd7 9. h3 Nxd4 10. Nxd4 cxd4 11. Bxd7 dxc3 12. Ba4 cxd2 13. Qxd2 Ne4 14. Qb4 e5
15. Bh2 Qb6 16. Qxb6 axb6 17. Bb3 Nd2 18. Rfd1 Nxb3 19. axb3 Rxa1 20. Rxa1 Rc8
21. Bg3 d4 22. e4 Kf8 23. Kf1 Ke7 24. Ke1 Kd6 25. Kd2 Bh6+ 26. Kd3 Ke6 27. Ra4
f6 28. f4 Rc1 29. fxe5 fxe5 30. Rb4 Rc6 31. Rb5 Bg7 32. Rd5 Rc5 33. Rd8 Rc1
34. Rb8 Rd1+ 35. Ke2 Rb1 36. Rxb7 Rxb2+ 37. Kf1 Rxb3 38. Be1 Bf8 39. Ke2 Re3+
40. Kf2 Bc5 0-1

[Event "POHÁR města Říčany 2022"]
[Site "Městské kulturní středisko U labutě"]
[Date "2022.08.29"]
[Round "4.32"]
[White "Havelka, Petr"]
[Black "Chernyy, Andrey"]
[Result "1/2-1/2"]
[WhiteElo "1817"]
[BlackElo "1534"]
[PlyCount "0"]
[EventDate "2022.08.27"]

1. d4 d5 2. c4 e6 3. Nc3 Be7 4. Nf3 Nf6 5. Bg5 h6 6. Bh4 O-O 7. e3 b6 8. cxd5
Nxd5 9. Bxe7 Qxe7 10. Nxd5 exd5 11. Be2 Bb7 12. O-O Nd7 13. Rc1 c5 14. Qa4 Rfc8
15. Qa3 Qf6 16. Bb5 Bc6 17. Bxc6 1/2-1/2

[Event "POHÁR města Říčany 2022"]
[Site "Městské kulturní středisko U labutě"]
[Date "2022.08.29"]
[Round "4.33"]
[White "Cabart, Pavel"]
[Black "Sadil, Antonin"]
[Result "1/2-1/2"]
[WhiteElo "1757"]
[BlackElo "1546"]
[PlyCount "0"]
[EventDate "2022.08.27"]

1. e4 c6 2. d4 d5 3. f3 dxe4 4. fxe4 e5 5. Nf3 exd4 6. Bc4 Nf6 7. O-O Be7
8. Ng5 Qb6 9. Nxf7 Rf8 10. e5 Ng4 11. Qd3 Nd7 12. Bf4 Qc5 13. b4 Qxb4 14. Nd6+
Bxd6 15. exd6 Nge5 16. Bxe5 Rxf1+ 17. Qxf1 Nxe5 18. Nd2 Qxd2 19. Re1 Qg5
20. Qf7+ Kd8 21. Qg8+ Kd7 22. Qe6+ Kd8 23. Qg8+ Kd7 24. Qe6+ 1/2-1/2

[Event "POHÁR města Říčany 2022"]
[Site "Městské kulturní středisko U labutě"]
[Date "2022.08.29"]
[Round "4.34"]
[White "Zabehlicky, Jiri"]
[Black "Chmelik, Ladislav"]
[Result "0-1"]
[WhiteElo "1429"]
[BlackElo "1734"]
[PlyCount "0"]
[EventDate "2022.08.27"]

1. e4 c5 2. Nc3 d6 3. g3 Nc6 4. Bg2 Nf6 5. Nge2 g6 6. b3 Bg7 7. Bb2 O-O 8. O-O
Bg4 9. f3 Bd7 10. Rb1 a6 11. a4 Nb4 12. Kh1 Qc8 13. Nf4 Bc6 14. Nce2 Bd7 15. c3
Nc6 16. Nd3 b5 17. axb5 axb5 18. b4 c4 19. Nf2 Qb7 20. d4 cxd3 21. Nxd3 Ne5
22. Nxe5 dxe5 23. Nc1 Be6 24. Rf2 Bc4 25. Qc2 Rfd8 26. Bf1 Bh6 27. Bxc4 bxc4
28. Ra1 Rac8 29. Ra5 Rd6 30. Na2 Rcd8 31. Bc1 Bxc1 32. Nxc1 Qb6 33. Ra2 Qe3
34. Kg2 Rd1 35. Ne2 R1d2 36. Qa4 Nxe4 37. fxe4 Qxe4+ 38. Kh3 Rxa2 39. Qxa2 g5
40. g4 Rd6 41. Ng3 Rh6+ 42. Nh5 Qe3+ 43. Kg2 Qe4+ 44. Kf1 Rd6 45. Rd2 Qh1+
46. Ke2 Qxh2+ 47. Kd1 Rxd2+ 48. Qxd2 Qh1+ 49. Kc2 Qe4+ 50. Kc1 h6 {(necitelne)}
0-1

[Event "POHÁR města Říčany 2022"]
[Site "Městské kulturní středisko U labutě"]
[Date "2022.08.29"]
[Round "4.35"]
[White "Cervenka, Petr"]
[Black "Kubice, Jakub"]
[Result "1-0"]
[WhiteElo "1928"]
[BlackElo "1750"]
[PlyCount "0"]
[EventDate "2022.08.27"]

1. e4 e5 2. Nf3 Nf6 3. Bc4 Nc6 4. d4 exd4 5. e5 Qe7 6. O-O Qc5 7. exf6 Qxc4
8. Re1+ Kd8 9. b3 Qa6 10. Ng5 Ne5 11. Rxe5 Qxf6 12. Ne6+ 1-0

[Event "POHÁR města Říčany 2022"]
[Site "Městské kulturní středisko U labutě"]
[Date "2022.08.29"]
[Round "4.36"]
[White "Mach, Jan"]
[Black "Bednar, Milos"]
[Result "0-1"]
[WhiteElo "1737"]
[BlackElo "1798"]
[PlyCount "0"]
[EventDate "2022.08.27"]

1. Nf3 d5 2. d4 Bg4 3. Ne5 Bf5 4. c4 c6 5. Nc3 e6 6. Qb3 Qb6 7. Qxb6 axb6 8. e3
Nf6 9. Be2 Nbd7 10. Nxd7 Kxd7 11. O-O Bd6 12. f3 h5 13. cxd5 exd5 14. e4 dxe4
15. fxe4 Bxe4 16. Nxe4 Nxe4 17. Rxf7+ Kc8 18. Bf3 Nf6 19. Bd2 Ra4 20. Bc3 Bb4
21. Bd1 Bxc3 22. Bxa4 Bxd4+ 23. Kf1 Nd5 24. g3 Re8 25. Kg2 Re2+ 26. Kh3 Bxb2
27. Raf1 Bf6 28. Bb3 Re5 29. Bxd5 Rxd5 30. Re1 Kb8 31. Rf8+ Ka7 32. Rfe8 Ra5
33. R1e2 b5 34. Rc8 Kb6 35. Rd2 Ra3 36. Kg2 b4 37. Kh3 Kc5 38. Rb8 b6 39. Re2
Kb5 40. Rb7 h4 41. Kg4 hxg3 42. hxg3 c5 43. Re6 Rxa2 44. Rbxb6+ Kc4 45. Re4+ Bd4
46. Re8 Rf2 47. Kh4 b3 48. Reb8 b2 49. g4 Kc3 50. Ra6 c4 51. Ra3+ Kc2 0-1

[Event "POHÁR města Říčany 2022"]
[Site "Městské kulturní středisko U labutě"]
[Date "2022.08.29"]
[Round "4.37"]
[White "Kovar, Jan"]
[Black "Rerabek, Jaroslav"]
[Result "1-0"]
[WhiteElo "1798"]
[BlackElo "1673"]
[PlyCount "0"]
[EventDate "2022.08.27"]

1. e4 c5 2. Nf3 Nc6 3. Bb5 g6 4. O-O Nf6 5. Re1 Bg7 6. c3 O-O 7. d4 cxd4
8. cxd4 d5 9. e5 Ne8 10. h3 Qb6 11. Nc3 a6 12. Bf1 Nc7 13. a3 Rd8 14. Na4 Qa7
15. Be3 Ne6 16. Rc1 Bd7 17. b4 b6 18. Nc3 Be8 19. Qb3 Nc7 20. a4 e6 21. Re2 Ne7
22. Rec2 Rac8 23. Bg5 Rd7 24. b5 a5 25. Nd1 h6 26. Bd2 Qb7 27. Nh2 Nf5 28. Qb2
Kh7 29. Bd3 Ne7 30. Rc3 Rdd8 31. R1c2 Na8 32. Qc1 Rxc3 33. Rxc3 Rc8 34. Ng4 Rxc3
35. Nxc3 h5 36. Nh2 Nf5 37. Nf3 f6 38. g4 hxg4 39. hxg4 Ne7 40. Kg2 fxe5
41. Ng5+ Kg8 42. Qh1 Bf7 43. Qh7+ Kf8 44. Nxf7 Kxf7 45. Bh6 e4 46. Qxg7+ Ke8
47. Be2 1-0

[Event "POHÁR města Říčany 2022"]
[Site "Městské kulturní středisko U labutě"]
[Date "2022.08.29"]
[Round "4.38"]
[White "Glasberger, Roman"]
[Black "Meca, Viktor"]
[Result "1-0"]
[WhiteElo "1533"]
[BlackElo "1796"]
[PlyCount "0"]
[EventDate "2022.08.27"]

1. e4 c5 2. Nf3 d6 3. d4 cxd4 4. Nxd4 Nf6 5. Nc3 a6 6. Bg5 e6 7. Be2 Be7 8. Qd2
Qc7 9. O-O-O Nc6 10. Bxf6 gxf6 11. f4 b5 12. a3 Bb7 13. Ndxb5 axb5 14. Nxb5 Qb8
15. Nxd6+ Qxd6 16. Qxd6 Bxd6 17. Rxd6 Ke7 18. Rhd1 Rhd8 19. Rxd8 Rxd8 20. Rxd8
Kxd8 21. Kd2 Kc7 22. Kc3 Kb6 23. b4 Ba6 24. Bxa6 Kxa6 25. Kc4 Kb6 26. a4 Ne7
27. a5+ Kc7 28. b5 f5 29. e5 Nd5 30. g3 Ne3+ 31. Kd3 Nf1 32. Ke2 Nxh2 33. c4 Ng4
34. c5 f6 35. a6 fxe5 36. b6+ Kb8 37. a7+ Ka8 38. c6 exf4 39. gxf4 Nf6 40. c7
1-0

[Event "POHÁR města Říčany 2022"]
[Site "Městské kulturní středisko U labutě"]
[Date "2022.08.29"]
[Round "4.39"]
[White "Hampel, Rudolf"]
[Black "Konvalinka, Vladislav"]
[Result "0-1"]
[WhiteElo "1597"]
[BlackElo "1764"]
[PlyCount "0"]
[EventDate "2022.08.27"]

1. e4 c6 2. Nc3 d5 3. exd5 cxd5 4. d4 Nc6 5. Nf3 Bg4 6. Be2 e6 7. O-O Nf6
8. Bf4 a6 9. a3 Be7 10. h3 Bh5 11. Re1 O-O 12. g4 Bg6 13. Bf1 Rc8 14. Nh4 Qb6
15. Nxg6 hxg6 16. Be3 Na5 17. Bc1 Nc4 18. b3 Nd6 19. Bb2 Nfe4 20. Nxe4 Nxe4
21. c4 Bh4 22. c5 Qc7 23. Re2 f5 24. Bg2 Bxf2+ 25. Rxf2 Nxf2 26. Kxf2 fxg4+
27. Kg1 gxh3 28. Bxh3 Qg3+ 29. Bg2 Rf2 0-1

[Event "POHÁR města Říčany 2022"]
[Site "Městské kulturní středisko U labutě"]
[Date "2022.08.29"]
[Round "4.40"]
[White "Hosova, Sandra"]
[Black "Sboev, Kirill"]
[Result "1-0"]
[WhiteElo "1708"]
[BlackElo "1522"]
[PlyCount "0"]
[EventDate "2022.08.27"]

1. d4 Nf6 2. Bf4 g6 3. Nf3 Bg7 4. e3 O-O 5. Be2 c5 6. Nbd2 d6 7. c3 Nc6 8. Qc2
cxd4 9. exd4 Bf5 10. Bd3 Bxd3 11. Qxd3 Re8 12. O-O e5 13. dxe5 dxe5 14. Qxd8
Raxd8 15. Be3 Ng4 16. Rfd1 Nxe3 17. fxe3 e4 18. Nd4 Nxd4 19. cxd4 Bh6 20. Kf2 f5
21. g3 g5 22. Rac1 f4 23. Nf1 fxe3+ 24. Nxe3 Rf8+ 25. Ke2 Bg7 26. Rc5 h6 27. Nf5
b6 28. Ne7+ Kh7 29. Rc7 a5 30. Ke3 Rf7 31. Rc8 Rd6 32. Nc6 Rff6 33. d5 Rf3+
34. Kxe4 Rf2 35. Rd8 Rxd8 36. Nxd8 Rxb2 37. Ne6 Rc2 38. Nxg7 Kxg7 39. d6 Re2+
40. Kd5 Kf7 41. Kc6 Rc2+ 42. Kxb6 Rb2+ 43. Ka6 Ke8 44. a4 Rxh2 45. Kxa5 Rb2
46. Rd5 Rb3 47. g4 Kd7 48. Ka6 Rb4 49. a5 Rxg4 50. Kb6 Rg1 51. Rd4 Ra1 52. a6 h5
53. Ra4 Rb1+ 54. Ka5 Kc6 55. Rc4+ Kd7 56. Ra4 1-0

[Event "POHÁR města Říčany 2022"]
[Site "Městské kulturní středisko U labutě"]
[Date "2022.08.29"]
[Round "4.41"]
[White "Markina, Sofiia"]
[Black "Petras, Milan"]
[Result "0-1"]
[WhiteElo "1551"]
[BlackElo "1896"]
[PlyCount "0"]
[EventDate "2022.08.27"]

1. e4 Nf6 2. e5 Nd5 3. d4 d6 4. Nf3 Bg4 5. Be2 e6 6. O-O Nc6 7. c4 Nb6 8. Nc3
dxe5 9. Nxe5 Bxe2 10. Qxe2 Be7 11. Nxc6 bxc6 12. Rd1 O-O 13. b3 Bf6 14. Be3 Qe7
15. Ne4 Nd7 16. Kh1 Rfd8 17. Rab1 g6 18. g4 g5 19. h4 gxh4 20. g5 Bg7 21. Qh5 f5
22. gxf6 Nxf6 23. Nxf6+ Qxf6 24. Bg5 Qf5 25. Qxh4 Rxd4 26. Qg3 Qf3+ {(necitelne)}
 0-1

[Event "POHÁR města Říčany 2022"]
[Site "Městské kulturní středisko U labutě"]
[Date "2022.08.29"]
[Round "4.42"]
[White "Kubicek, Daniel"]
[Black "Popov, Roman"]
[Result "0-1"]
[WhiteElo "1364"]
[BlackElo "1878"]
[PlyCount "0"]
[EventDate "2022.08.27"]

1. e4 c6 2. d4 d5 3. exd5 cxd5 4. Bd3 Nc6 5. c3 Qc7 6. Nf3 Nf6 7. O-O Bg4
8. Bg5 e6 9. Nbd2 Be7 10. Qc2 h6 11. Bh4 O-O 12. Rae1 Rac8 13. Ne5 Nb4 14. Qb1
Nxd3 15. Qxd3 Bf5 16. Qe2 a6 17. Bg3 Bd6 18. Rc1 b5 19. f3 Qb6 20. Bh4 Bxe5
21. Qxe5 Nd7 22. Qe2 Rfe8 23. f4 b4 24. Nb3 bxc3 25. bxc3 a5 26. Bf2 a4 27. Nc5
Qc6 28. Qb2 Nb6 29. Rfe1 Ra8 30. a3 Reb8 31. Qa2 Nc4 32. h3 Rb2 33. Qa1 h5
34. Be3 Rab8 35. Bf2 R8b6 36. Kf1 Nd2+ 37. Kg1 Ne4 38. Be3 Nxc5 39. dxc5 R6b3
40. Bd4 Be4 41. Rcd1 Rxg2+ 42. Kf1 Qb5+ 43. Re2 Qxe2# 0-1

[Event "POHÁR města Říčany 2022"]
[Site "Městské kulturní středisko U labutě"]
[Date "2022.08.30"]
[Round "5.1"]
[White "Vojta, Jakub"]
[Black "Matras, Ondrej"]
[Result "1-0"]
[WhiteElo "2313"]
[BlackElo "2184"]
[PlyCount "0"]
[EventDate "2022.08.27"]

1. c4 e5 2. g3 Nf6 3. Bg2 Nc6 4. Nc3 Bb4 5. e4 O-O 6. Nge2 Bc5 7. O-O d6 8. h3
Be6 9. d3 a5 10. Kh2 Nd7 11. f4 f6 12. f5 Bf7 13. g4 Nd4 14. Ng3 c6 15. h4 b5
16. cxb5 Nxb5 17. Nxb5 cxb5 18. g5 Kh8 19. Qg4 Qe8 20. g6 hxg6 21. fxg6 Bxg6
22. h5 Bh7 23. Nf5 Rg8 24. Qh3 Nf8 25. Bf3 g5 26. hxg6 Nxg6 27. Bh6 Rc8 28. Bg4
Rd8 29. Rac1 Qf7 30. Rc2 Qxa2 31. Rg2 Qb3 32. Rf3 Qf7 33. Bh5 d5 34. Rfg3 dxe4
35. Bxg6 Rxg6 36. Rxg6 Rxd3 37. Rg8+ Qxg8 38. Rxg8+ Kxg8 39. Qg4+ 1-0

[Event "POHÁR města Říčany 2022"]
[Site "Městské kulturní středisko U labutě"]
[Date "2022.08.30"]
[Round "5.2"]
[White "Novotny, Martin"]
[Black "Novotny, Michal"]
[Result "0-1"]
[WhiteElo "2064"]
[BlackElo "2241"]
[PlyCount "0"]
[EventDate "2022.08.27"]

1. d4 d5 2. c4 c6 3. cxd5 cxd5 4. Bf4 Nc6 5. e3 Nf6 6. Nc3 a6 7. Rc1 Bf5 8. Nf3
Rc8 9. Be2 e6 10. O-O Bd6 11. Bxd6 Qxd6 12. Na4 O-O 13. Nc5 Rc7 14. Qb3 Qe7
15. Rc3 Bg4 16. Qc2 Rfc8 17. Rc1 Ne8 18. Qb3 Nd6 19. Qb6 Bxf3 20. Bxf3 Nc4
21. Rxc4 dxc4 22. Rxc4 Ne5 23. dxe5 Rxc5 24. Rd4 Rb5 25. Qa7 Rc1+ 26. Rd1 Rxd1+
27. Bxd1 Qd8 28. Bf3 Rxb2 29. g3 g6 30. Bxb7 Qd2 31. e4 Qd7 32. Qa8+ Kg7
33. Bxa6 Qd4 34. Kg2 Qxf2+ 35. Kh3 Qxh2+ 36. Kg4 h5+ 37. Kf4 Qf2+ 38. Kg5 Qxg3#
0-1

[Event "POHÁR města Říčany 2022"]
[Site "Městské kulturní středisko U labutě"]
[Date "2022.08.30"]
[Round "5.3"]
[White "Novak, Jindrich"]
[Black "Dudek, Vojtech"]
[Result "1/2-1/2"]
[WhiteElo "2093"]
[BlackElo "2144"]
[PlyCount "0"]
[EventDate "2022.08.27"]

1. d4 Nf6 2. Nf3 c5 3. c3 e6 4. Bf4 Nc6 5. e3 Be7 6. Nbd2 Nh5 7. Bg3 Nxg3
8. hxg3 d5 9. Bd3 h6 10. Qe2 Qd6 11. dxc5 Qxc5 12. e4 Bd7 13. Nb3 Qd6 14. O-O-O
O-O-O 15. Kb1 dxe4 16. Bxe4 Qc7 17. Rhe1 Kb8 18. Rd2 Ne5 19. Red1 Bc6 20. Bxc6
Nxc6 21. Nfd4 Nxd4 22. Rxd4 Bf6 23. Rxd8+ Rxd8 24. Rxd8+ Qxd8 25. Qf3 Qd6
26. Kc2 Kc7 27. Nd4 a6 28. Nb3 Qc6 29. Qxc6+ Kxc6 30. Na5+ Kc7 31. g4 Bh4 32. f3
f5 33. Kd3 fxg4 34. fxg4 b6 35. Nc4 Bf6 36. b3 Kc6 37. Nd2 Kd5 38. c4+ Ke5
39. g3 Be7 40. Nf3+ Kf6 41. Ke3 Bc5+ 42. Ke2 Bd6 43. Kf2 Bb4 44. Ke3 g5 45. Nd2
Bc5+ 46. Kd3 Ke5 47. Nf3+ Kf6 48. Ke2 Ke7 49. Nd2 Bd6 50. Ne4 Be5 51. b4 Kd8
52. a4 b5 53. cxb5 axb5 54. axb5 Kc7 55. Kd3 Kb6 56. Kc4 Bb8 57. Nc5 Bxg3
58. Nxe6 Be5 59. Nc5 Bd6 60. Nd7+ Kc7 61. Nf6 Kb6 62. Nd5+ Kb7 63. Kd4 Kc8
64. b6 Kb7 65. b5 Bb8 66. Nc7 Kc8 67. Kd5 Kb7 68. Kc5 h5 69. gxh5 g4 70. Kd4
Kxb6 71. Nd5+ Kxb5 72. h6 g3 73. h7 g2 74. Ke3 1/2-1/2

[Event "POHÁR města Říčany 2022"]
[Site "Městské kulturní středisko U labutě"]
[Date "2022.08.30"]
[Round "5.4"]
[White "Petr, Jakub"]
[Black "Placer, Sebastian"]
[Result "0-1"]
[WhiteElo "2220"]
[BlackElo "2090"]
[PlyCount "0"]
[EventDate "2022.08.27"]

1. b3 e5 2. Bb2 Nc6 3. e3 d5 4. Bb5 Bd6 5. f4 f6 6. fxe5 fxe5 7. Bxc6+ bxc6
8. Bxe5 Qh4+ 9. g3 Qe4 10. Bxg7 Qxh1 11. Qh5+ Ke7 12. Qh4+ Kf7 13. Bxh8 Qxg1+
14. Ke2 Qg2+ 15. Ke1 Qh3 16. Qd4 Qg4 17. Nc3 Qxd4 18. exd4 Bf5 0-1

[Event "POHÁR města Říčany 2022"]
[Site "Městské kulturní středisko U labutě"]
[Date "2022.08.30"]
[Round "5.5"]
[White "Sedy, Pavel"]
[Black "Rousek, Jan"]
[Result "1/2-1/2"]
[WhiteElo "2177"]
[BlackElo "2040"]
[PlyCount "0"]
[EventDate "2022.08.27"]

1. f4 f5 2. b3 b6 3. Nf3 Nf6 4. Bb2 e6 5. e3 Bb7 6. Be2 g6 7. O-O Bg7 8. a4 a5
9. Qe1 O-O 10. Na3 Na6 11. Qh4 Ne4 12. Qxd8 Rfxd8 13. Bxg7 Kxg7 14. Nb5 c6
15. Nbd4 Nc7 16. Rfc1 c5 17. Nb5 Nxb5 18. Bxb5 d5 19. c3 Ba6 20. Bxa6 Rxa6
21. d3 Nf6 22. Ne5 Nd7 23. Nf3 Nf6 24. h3 Raa8 25. Rab1 Rd6 26. b4 c4 27. dxc4
dxc4 28. Ne5 axb4 29. Rxb4 Nd5 30. Rxc4 Nxe3 31. Rc7+ Kg8 32. Nc4 Nxc4 33. Rxc4
Rad8 34. Kh2 Kf7 35. Rb1 R8d7 36. Rcb4 Rc6 37. Rxb6 Rxc3 38. a5 Rcc7 39. a6 Ra7
40. Re1 Re7 41. Re5 Kf6 42. g4 fxg4 43. hxg4 h6 44. Kg3 g5 45. Re3 gxf4+
46. Kxf4 Rac7 47. Kg3 Kg5 48. Re5+ Kf6 49. Rf5+ Kg6 50. Rfb5 Rc3+ 51. Kf4 Ra3
52. Ke5 Ra7 53. Rxe6+ Kg5 54. Ke4+ Kh4 55. Rxh6+ Kxg4 56. Rg6+ Kh4 57. Rbb6 Ra4+
58. Kd5 Kh5 59. Kc5 Ra5+ 60. Kb4 Ra1 61. Rg2 R1xa6 62. Rc6 Rxc6 1/2-1/2

[Event "POHÁR města Říčany 2022"]
[Site "Městské kulturní středisko U labutě"]
[Date "2022.08.30"]
[Round "5.6"]
[White "Ocelak, Jakub"]
[Black "Elias, Jakub"]
[Result "1/2-1/2"]
[WhiteElo "2149"]
[BlackElo "1982"]
[PlyCount "0"]
[EventDate "2022.08.27"]

1. e4 c5 2. Nf3 e6 3. b3 Nc6 4. Bb2 d6 5. d4 cxd4 6. Nxd4 Nf6 7. Nxc6 bxc6
8. e5 dxe5 9. Qxd8+ Kxd8 10. Bxe5 Bc5 11. Be2 Ke7 12. Nc3 Rd8 13. Na4 Bd6
14. Bxd6+ Rxd6 15. Nb2 Rd8 16. Nc4 Bd7 17. Bf3 Nd5 18. a3 a5 19. O-O-O Be8
20. Rhe1 Nc3 21. Rxd8 Kxd8 22. Ne5 Kc7 23. Nd3 Rb8 24. Re5 Rb5 25. Re1 Rb8
26. h4 Nd5 27. Re4 Kb6 28. Nb2 Nc3 29. Rc4 Nb5 30. Na4+ Kc7 31. Nc5 Rd8 32. a4
Nd4 33. Rc3 Nf5 34. g3 Ne7 35. Nd3 Nd5 36. Bxd5 exd5 37. Nf4 Kd6 38. Re3 Bd7
39. Nh5 g6 40. Nf4 Bf5 41. f3 h5 42. Kd2 Rc8 43. Ne2 Bd7 44. Nf4 Bf5 45. Ne2 Bd7
46. c4 dxc4 47. bxc4 Be6 48. Kc3 Rb8 49. Nd4 1/2-1/2

[Event "POHÁR města Říčany 2022"]
[Site "Městské kulturní středisko U labutě"]
[Date "2022.08.30"]
[Round "5.7"]
[White "Soural, Jan"]
[Black "Plasil, Petr"]
[Result "1-0"]
[WhiteElo "2144"]
[BlackElo "1963"]
[PlyCount "0"]
[EventDate "2022.08.27"]

1. Nf3 Nf6 2. c4 g6 3. Nc3 d5 4. cxd5 Nxd5 5. e4 Nxc3 6. dxc3 Qxd1+ 7. Kxd1 Bg7
8. Bf4 c5 9. Be3 b6 10. Bb5+ Bd7 11. a4 O-O 12. Ke2 (12. Kc2 Bc6 13. Nd2 a6
14. Bxc6 Nxc6 15. Nc4 Rab8 16. a5 bxa5 17. Nxa5 Nd4+ 18. cxd4 cxd4 19. Bc1 Rb5
20. f4 Rc8+ 21. Kd3 Rcc5 22. Bd2 Rxb2 23. Rhb1 Rbc2 24. Rc1 Rxc1 25. Rxc1 Rxc1
26. Bxc1 e5 27. Nc6 f6 28. fxe5 fxe5 29. Kc4) 12... Bc6 13. Nd2 a6 14. Bxc6 Nxc6
15. Nc4 Rab8 16. a5 bxa5 17. Nxa5 Nd4+ 18. cxd4 cxd4 19. Bc1 Rb5 20. f4 Rc8
21. Kd3 Rcc5 22. Bd2 Rxb2 23. Rhb1 Rbc2 24. Rc1 Rxc1 25. Rxc1 Rxc1 26. Bxc1 e5
27. Nc6 f6 28. fxe5 fxe5 29. Kc4 1-0

[Event "POHÁR města Říčany 2022"]
[Site "Městské kulturní středisko U labutě"]
[Date "2022.08.30"]
[Round "5.9"]
[White "Vetrovsky, Michal"]
[Black "Davidek, Zdenek"]
[Result "1-0"]
[WhiteElo "2122"]
[BlackElo "1621"]
[PlyCount "0"]
[EventDate "2022.08.27"]

1. Nf3 Nf6 2. g3 d5 3. Bg2 e6 4. b3 Be7 5. Bb2 O-O 6. O-O c5 7. d3 b6 8. Nbd2
Bb7 9. Re1 Nc6 10. e3 Qc7 11. a3 Rad8 12. d4 Ne4 13. Qe2 Na5 14. dxc5 bxc5
15. Nxe4 dxe4 16. Nd2 f5 17. Rad1 c4 18. Bc3 cxb3 19. Bxa5 Qxa5 20. Nxb3 Qa4
21. Bf1 Bd6 22. Nc5 Qc6 23. Nxb7 Qxb7 24. Rb1 Qc6 {Vetrovsky citelny pouze tahy
1-11} 1-0

[Event "POHÁR města Říčany 2022"]
[Site "Městské kulturní středisko U labutě"]
[Date "2022.08.30"]
[Round "5.10"]
[White "Horak, Martin"]
[Black "Hejsek, Lukas"]
[Result "1-0"]
[WhiteElo "2238"]
[BlackElo "1994"]
[PlyCount "0"]
[EventDate "2022.08.27"]

1. d4 Nf6 2. Bg5 Ne4 3. h4 d5 4. Nd2 Nxg5 5. hxg5 Bf5 6. e3 e6 7. Ndf3 Be7
8. Bd3 Bxg5 9. Bxf5 exf5 10. Qd3 Bf6 11. Qb5+ Nc6 12. Qxb7 Ne7 13. Qb5+ c6
14. Qd3 Qb6 15. b3 g6 16. Ne2 Nc8 17. O-O Nd6 18. c4 Qa6 19. Nf4 dxc4 20. bxc4
Qxc4 21. Qxc4 Nxc4 22. Rac1 Na5 23. Rc5 Bd8 24. Ne5 Bb6 25. Rc3 h5 26. Rfc1 g5
27. Nfd3 f4 28. Nxc6 fxe3 29. fxe3 Nxc6 30. Rxc6 Ke7 31. Ne5 Rad8 32. Rf1 Rh7
33. Rcf6 Ke8 34. Nxf7 Rxd4 35. Nxg5 Rg7 36. Rf8+ Ke7 37. R8f7+ Rxf7 38. Rxf7+
Ke8 39. exd4 1-0

[Event "POHÁR města Říčany 2022"]
[Site "Městské kulturní středisko U labutě"]
[Date "2022.08.30"]
[Round "5.11"]
[White "Siles, Jan"]
[Black "Jun, Rudolf"]
[Result "1-0"]
[WhiteElo "1780"]
[BlackElo "2165"]
[PlyCount "0"]
[EventDate "2022.08.27"]

1. e4 c5 2. c4 Nc6 3. Ne2 e5 4. g3 g6 5. Bg2 Bg7 6. Nbc3 d6 7. d3 Nge7 8. O-O
O-O 9. Be3 a6 10. a3 Rb8 11. Rb1 Nd4 12. Nd5 Nxd5 13. exd5 Nf5 14. Bd2 Bd7
15. Nc3 Nd4 16. f4 Bf5 17. Be4 Bxe4 18. dxe4 exf4 19. Bxf4 Re8 20. Kh1 f5
21. Re1 Qf6 22. Qd3 g5 23. Bd2 fxe4 24. Nxe4 Qf3+ 25. Qxf3 Nxf3 26. Nxd6 Rxe1+
27. Bxe1 Rd8 28. Bf2 Re8 29. Bg1 Bd4 30. Bxd4 cxd4 31. Rd1 g4 32. b4 Kf8 33. c5
Ke7 {necitelne} 1-0

[Event "POHÁR města Říčany 2022"]
[Site "Městské kulturní středisko U labutě"]
[Date "2022.08.30"]
[Round "5.12"]
[White "Horak, Jan"]
[Black "Strnadova, Monika"]
[Result "1-0"]
[WhiteElo "2155"]
[BlackElo "1564"]
[PlyCount "0"]
[EventDate "2022.08.27"]

1. d4 Nf6 2. g3 g6 3. Bg2 Bg7 4. e4 d6 5. Nc3 O-O 6. Nge2 Nbd7 7. O-O c5 8. h3
cxd4 9. Nxd4 Ne5 10. Kh2 Qb6 11. b3 Bd7 12. Nce2 Rac8 13. c4 Qa5 14. f4 Nc6
15. Bf3 h5 16. Bd2 Qc7 17. Nb5 Qb6 18. Bc3 a6 19. Nbd4 Rfd8 20. Qd2 e5 21. Nc2
h4 22. g4 exf4 23. g5 Nh7 24. Bxg7 Kxg7 25. Nxf4 Nxg5 26. Nd5 Nxf3+ 27. Rxf3 Qc5
28. Qg5 Ne5 29. Qf6+ Kg8 30. Ne7+ Kh7 31. Qxh4+ Kg7 32. Qf6+ Kh7 33. Qh4+ Kg7
34. Qf6+ Kh7 35. Rf4 g5 36. Rg1 Qa5 37. Rh4+ 1-0

[Event "POHÁR města Říčany 2022"]
[Site "Městské kulturní středisko U labutě"]
[Date "2022.08.30"]
[Round "5.13"]
[White "Bara, Jan"]
[Black "Rut, Vojtech"]
[Result "0-1"]
[WhiteElo "1592"]
[BlackElo "2111"]
[PlyCount "0"]
[EventDate "2022.08.27"]

1. d4 e6 2. Nf3 f5 3. d5 Bd6 4. Nc3 Nf6 5. Bg5 h6 6. Bxf6 Qxf6 7. e4 fxe4
8. Nxe4 Qxb2 9. Nxd6+ cxd6 10. Bd3 Qc3+ 11. Nd2 Qe5+ 12. Be2 O-O 13. c4 Na6
14. O-O Qd4 15. Qc2 Nb4 16. Qd1 e5 17. a3 Na6 18. Qc2 Nc5 19. Nb3 Nxb3 20. Qxb3
b6 21. Rad1 Qc5 22. Rd3 Ba6 23. Rg3 Rf7 24. Qd3 Raf8 25. Rf3 Rxf3 26. gxf3 Rf6
27. Rc1 Kf7 28. Bf1 Rf4 29. Kg2 b5 30. cxb5 Qxc1 31. bxa6 Qc5 32. Kg3 e4 33. Qe2
Rxf3+ 34. Kg2 Qxd5 35. Qc2 Qg5+ 36. Kh1 Qf5 37. Kg2 d5 38. Qc5 e3 0-1